| 000 | 01171cam a2200313 i 4500 | ||
|---|---|---|---|
| 001 | 65260 | ||
| 003 | Mx-PuUPA | ||
| 005 | 20210923125024.0 | ||
| 008 | 060510s2006 mx grl 000 0 spa d | ||
| 020 | _a9700766357 | ||
| 040 |
_aMx-PuUPA _dMx-PuUPA _cMx-PuUPA _erda _bspa |
||
| 041 | 1 |
_aspa _heng |
|
| 100 | 1 |
_aJuenger, Friedrich K. _eautor _d1930 2001 _911427 |
|
| 245 | 1 | 0 |
_aDerecho internacional privado y justicia material / _cFriedrich K. Juenger ; traducción, Diego P. Fernández Arroyo, Cecilia Fresnedo de Aguirre |
| 250 | _aPrimera edición | ||
| 264 | 1 |
_aMéxico, D.F. : _bEditorial Porrúa, _c2006 |
|
| 300 |
_alxxxii, 293 páginas ; _e23 cm |
||
| 336 |
_2rdacontent _atexto _btxt |
||
| 337 |
_2rdamedia _asin medio _bn |
||
| 338 |
_2rdacarrier _avolumen _bnc |
||
| 650 | 4 |
_aConflicto _xLeyes _zEstados Unidos |
|
| 650 | 4 | _aDerecho internacional Privado | |
| 650 | 4 |
_aDerecho internacional privado _xDiscursos, ensayos, conferencias |
|
| 700 | 1 |
_aFernández Arroyo, Diego P., _etraductor |
|
| 700 | 1 |
_aFresnedo de Aguirre, Cecilia, _etraductor |
|
| 942 |
_2ddc _h340.921 _iJ933 _cLI |
||
| 999 |
_c65260 _d65260 |
||